| 000 | 00325nam a22001217a 4500 | ||
|---|---|---|---|
| 008 | 230620b xxu||||| |||| 00| 0 eng d | ||
| 082 |
_a327.17 _bJBR 2006 |
||
| 245 | _aPeace and Change | ||
| 260 |
_bPeace History Society and Peace and Justice Studies Association _c2006 |
||
| 300 | _a140p | ||
| 440 |
_n1 _v31 |
||
| 942 |
_2ddc _cBK |
||
| 999 |
_c1887 _d1887 |
||